Stati per Passeggeri aerei - Statistics

Statistiche generali
  • Questo quiz è stato fatto 71 volte
  • Il punteggio medio è 9 su 10
Statistiche sulle risposte
Passeggeri trasportati Continente Nazione % Corretto
666 153 000 America del Nord Stati Uniti
100%
440 301 216 Asia Cina
98%
96 851 770 Asia / Europa Russia
95%
61 896 520 America del Sud Brasile
94%
45 410 150 Asia Giappone
91%
54 217 880 America del Nord Messico
89%
43 440 480 Europa Spagna
89%
69 065 870 Asia / Europa Turchia
89%
83 964 797 Asia India
88%
74 065 210 Europa Irlanda
39%
Nessun quiz corrispondente trovato
Distribuzione punteggi
Percentuale di utenti per punteggio
Percentile per numero di risposta
I tuoi punteggi nel tempo
Non hai fatto questo quiz